[Event "21st Pobeskydi Arcelor Mittal Cup"]
[Site "Frydek-Mistek CZE"]
[Date "2010.04.02"]
[Round "3"]
[White "Mroziak,M"]
[Black "Najgebauer,S"]
[Result "1-0"]
[WhiteElo "2023"]
[BlackElo "2192"]

1.e4 c5 2.c3 Nf6 3.e5 Nd5 4.d4 cxd4 5.Nf3 Nc6 6.Bc4 Nb6 7.Bb3 d6 8.exd6 e6
9.cxd4 Bxd6 10.Nc3 a6 11.O-O Ne7 12.Bg5 h6 13.Bxe7 Bxe7 14.d5 Nxd5 15.Nxd5 exd5
16.Bxd5 O-O 17.Qb3 Bf6 18.Rad1 Qa5 19.h3 Rb8 20.Rfe1 Qc7 21.Rc1 Qd8 22.Ne5 Bxe5
23.Rxe5 Qf6 24.Re3 Bf5 25.Rc7 b5 26.Rf3 Qg6 27.Rxf7 Rxf7 28.Bxf7+ Qxf7 29.Qxf7+ Kxf7
30.Rxf5+ Ke6 31.Rc5 Kd6 32.Rc2 Re8 33.Kf1 Re4 34.Rc8 Kd7 35.Ra8 Ra4 36.a3 Ke7
37.g3 b4 38.Ra7+ Kf8 39.axb4 Rxb4 40.Rxa6 Rxb2 41.Ra7 Kg8 42.h4 Rb5 43.Ke2 Kh7
44.g4 Kg6 45.h5+ Kf6 46.Ra6+ Kf7 47.Rg6 Rb3 48.f3 Ra3 49.Kf2 Rb3 50.Ra6 Rb5
51.Kg3 Rb4 52.Ra5 Rc4 53.Rf5+ Kg8 54.Rf4 Rc2 55.Ra4 Kf7 56.Ra3 Rc4 57.f4 Kf6
58.Ra5 Rc3+ 59.Kh4 Kf7 60.Ra7+ Kg8 61.Ra4 Kf7 62.g5 hxg5+ 63.fxg5 Rc1 64.Ra7+ Kf8
65.Ra8+ Ke7 66.Kg4 Rc6 67.Kf5 Kf7 68.Ra7+ Kf8 69.Ra5 Rb6 70.Re5 Kf7 71.Rc5 Ra6
72.g6+ Kf8 73.Rc8+ Ke7 74.h6 Rf6+ 75.Ke4 Re6+ 76.Kd3 Rd6+ 77.Kc2 Rxg6 78.h7  1-0

[Event "21st Pobeskydi Arcelor Mittal Cup"]
[Site "Frydek-Mistek CZE"]
[Date "2010.04.02"]
[Round "4"]
[White "Mroziak,M"]
[Black "Rabatin,J"]
[Result "1/2-1/2"]
[WhiteElo "2023"]
[BlackElo "2136"]

1.e4 c5 2.c3 Nf6 3.e5 Nd5 4.d4 cxd4 5.Nf3 e6 6.cxd4 d6 7.Bc4 Nb6 8.Bb3 dxe5
9.dxe5 Qxd1+ 10.Bxd1 Nc6 11.O-O Nd7 12.Ba4 Nc5 13.Bb5 Bd7 14.Nc3 Be7 15.Rd1 a6
16.Bf1 O-O 17.Be3 Rfd8 18.Rac1 Be8 19.Bxc5 Bxc5 20.Ne4 Be7 21.a3 Rxd1 22.Rxd1 Rd8
23.Rxd8 Nxd8  1/2-1/2

[Event "Doeberl Cup"]
[Site "Canberra AUS"]
[Date "2010.04.03"]
[Round "6"]
[White "Smerdon,D"]
[Black "Li Chao2"]
[Result "0-1"]
[WhiteElo "2530"]
[BlackElo "2613"]

1.e4 c5 2.c3 Nf6 3.e5 Nd5 4.d4 cxd4 5.Nf3 d6 6.cxd4 Nc6 7.Bc4 Nb6 8.Bb3 d5
9.Nh4 e6 10.Nf3 Be7 11.Nc3 Bd7 12.O-O Rc8 13.a3 a6 14.Bc2 Na7 15.Re1 Nc4
16.Ne2 Qc7 17.Bb1 Qb6 18.b3 Na5 19.Bc2 Nb5 20.Qd3 g6 21.Ra2 Rc7 22.Ng5 Nc6
23.Qf3 Rf8 24.Nxh7 Ncxd4 25.Nxd4 Nxd4 26.Nf6+ Kd8 27.Qe3 Qc5 28.Bb1 Nxb3
29.Rc2 Qa5 30.Rd1 Rxc2 31.Bxc2 Nxc1 32.Rxc1 Bc6 33.Nh7 Rh8 34.Ng5 Ke8 35.Qf4 Bxg5
36.Qxg5 Qxa3 37.Bxg6 Qe7 38.Qxe7+ Kxe7 39.Bd3 a5 40.g4 a4 41.f4 a3 42.f5 exf5
43.gxf5 Rh3 44.Bb1 Rb3 45.h4 Rh3 46.Kg2 Rxh4 47.Kg3 Rb4 48.Rh1 d4 49.Rd1 Bd5
50.Kf4 f6 51.Bd3 Rb3 52.Be4 Bxe4 53.Kxe4 fxe5 54.Kxe5 d3 55.Rd2 Rb5+  0-1

[Event "ch-WLS"]
[Site "Cardiff WLS"]
[Date "2010.04.03"]
[Round "2"]
[White "Jameson,D"]
[Black "Jones,RS"]
[Result "0-1"]
[WhiteElo "2050"]
[BlackElo "2332"]

1.e4 c5 2.c3 Nf6 3.e5 Nd5 4.d4 cxd4 5.Nf3 Nc6 6.Bc4 Nb6 7.Bb3 d5 8.exd6 Qxd6
9.Na3 dxc3 10.Qxd6 exd6 11.Nb5 Rb8 12.O-O Be7 13.Re1 O-O 14.Nxa7 Bf6 15.Nxc6 bxc6
16.Bf4 cxb2 17.Rad1 Bc3 18.Bxd6 Bxe1 19.Bxb8 Bf5 20.Rxe1 b1=Q 21.Rxb1 Bxb1
22.Bd6 Ra8 23.a3 Be4 24.Bxf7+ Kxf7 25.Ng5+ Kg6 26.Nxe4 Nc4 27.Bc5 Nxa3 28.f3 Nc4
29.Kf2 Ra2+ 30.Kg3 Nd2 31.Nf2 Rc2 32.Nd3 Ne4+ 33.fxe4 Rc3 34.Kf4 Rxd3 35.h4 Kf6
36.g4 Ke6 37.h5 Rd1 38.Bf8 Rf1+  0-1

[Event "Philadelphia Open"]
[Site "Philadelphia USA"]
[Date "2010.04.03"]
[Round "6"]
[White "Kleiman,J"]
[Black "Kekelidze,M"]
[Result "1-0"]
[WhiteElo "2318"]
[BlackElo "2430"]

1.e4 c5 2.c3 Nf6 3.d4 d6 4.Bd3 Nc6 5.Nf3 cxd4 6.cxd4 Bg4 7.d5 Bxf3 8.Qxf3 Ne5
9.Bb5+ Ned7 10.O-O g6 11.Bg5 Bg7 12.e5 dxe5 13.d6 e4 14.Qf4 h6 15.Bxf6 Bxf6
16.dxe7 Kxe7 17.Rd1 Be5 18.Qxe4 Kf6 19.Nc3 Nc5 20.Qf3+ Kg7 21.Rxd8 Raxd8
22.g3 Rd6 23.Rd1 Rhd8 24.Rxd6 Rxd6 25.Nd5 f5 26.Bd3 Ne6 27.Bc4 b5 28.Bb3 a6
29.Qe2 Bf6 30.Nxf6 Kxf6 31.Bxe6 Rxe6 32.Qd2 g5 33.f4 gxf4 34.Qxf4 Kg6 35.Kf2 Rc6
36.Qd2 Re6 37.Kf3 Kf7 38.Qd8 Kg6 39.h4 Rf6 40.Qg8+ Kh5 41.Qe8+  1-0

[Event "Philadelphia Open"]
[Site "Philadelphia USA"]
[Date "2010.04.04"]
[Round "9"]
[White "Kleiman,J"]
[Black "Paragua,M"]
[Result "0-1"]
[WhiteElo "2318"]
[BlackElo "2497"]

1.e4 c5 2.c3 Nf6 3.e5 Nd5 4.Nf3 Nc6 5.Bc4 e6 6.d4 cxd4 7.cxd4 d6 8.O-O Be7
9.exd6 Qxd6 10.Re1 O-O 11.Nc3 b6 12.Bxd5 exd5 13.Ne5 Bb7 14.Bf4 Nxe5 15.Bxe5 Qd7
16.Qh5 f6 17.Bf4 Rfc8 18.Rac1 Bf8 19.Be3 Rc4 20.b3 Rc6 21.Ne2 Ba3 22.Rxc6 Qxc6
23.Nf4 Qc3 24.Rd1 Qc2 25.h3 Qxa2 26.Qf5 Qxb3 27.Rd3 Qb1+ 28.Kh2 Bf8 29.Qd7 Rb8
30.Rc3 Qe4 31.Rc7 Ba6 32.Rxa7 Bc4 33.Ne6 Bf1 34.f3 Qxe3 35.Qf7+ Kh8 36.Nxf8 Qg5
37.Ra2 Qf4+ 38.Kh1 Qg3 39.Ne6 Rc8 40.Nc7 Bxg2+ 41.Rxg2 Qxh3+ 42.Kg1 Rb8 43.Rg6  0-1

[Event "IV Open"]
[Site "La Laguna ESP"]
[Date "2010.04.09"]
[Round "6"]
[White "Korneev,O"]
[Black "Mekhitarian,K"]
[Result "0-1"]
[WhiteElo "2558"]
[BlackElo "2490"]

1.e4 c5 2.c3 Nf6 3.e5 Nd5 4.Nf3 Nc6 5.Bc4 Nb6 6.Bb3 d5 7.exd6 e6 8.d4 Bxd6
9.dxc5 Bxc5 10.Qe2 Nd5 11.O-O Nf6 12.Bg5 Be7 13.Nbd2 O-O 14.Rad1 Qc7 15.Ne4 Nxe4
16.Qxe4 Ne5 17.Bf4 Nxf3+ 18.Qxf3 e5 19.Bg3 Bf6 20.Rfe1 Re8 21.Bc2 a5 22.Qd3 g6
23.Ba4 Bf5 24.Qd6 Qxd6 25.Rxd6 Re6 26.Rxe6 Bxe6 27.a3 Rd8 28.Bxe5 Bxe5 29.Rxe5 b5
30.Rxb5 Bd7 31.Rd5 Re8 32.f3 Bxa4 33.Rxa5 Bc2 34.c4 Bb3 35.c5 Kf8 36.Kf2 Ke7
37.Rb5 Bc4 38.Rb7+ Ke6 39.b3 Bd5 40.Rb6+ Ke5 41.a4 Ra8 42.Ke3 Be6 43.Kd3 Kd5
44.Rb5 Ra7 45.Kc3 Bd7 46.Rb8 Kxc5 47.b4+ Kd5 48.Rd8 Kc6 49.b5+ Kc5 50.Kb3 Rc7
51.Kc3 Be6 52.Ra8 Bd5 53.Rd8 Be6 54.Ra8 Re7 55.Ra6 Bd5 56.b6 Bb7 57.Ra5+ Kxb6
58.Rb5+ Kc7 59.h4 Re2 60.Rg5 Bc6 61.a5 h6 62.Rg4 Ra2 63.Rf4 Be8 64.Re4 Bd7
65.Re7 f6 66.Rf7 f5 67.Rg7 Rxg2 68.a6 Kd6 69.a7 Ra2 70.Rxg6+ Ke5 71.Rxh6 Rxa7
72.Rh7 Ra3+ 73.Kb4 Rd3 74.Kc4 Rd4+ 75.Kc3 Be6 76.h5 Rf4 77.h6 Rxf3+ 78.Kd2 Rh3
79.Rh8 Kf6 80.h7 Kg7 81.Re8 Bf7 82.Re5 Kf6  0-1

[Event "Sydney Int Open"]
[Site "Parramatta AUS"]
[Date "2010.04.10"]
[Round "8"]
[White "Yuan,Y2"]
[Black "Rachmadi,H"]
[Result "1-0"]
[WhiteElo "2151"]
[BlackElo "1823"]

1.e4 c5 2.c3 Nf6 3.e5 Nd5 4.d4 cxd4 5.Nf3 e6 6.cxd4 Bb4+ 7.Bd2 Be7 8.Nc3 Nb6
9.Bd3 d5 10.exd6 Bxd6 11.O-O Be7 12.Qe2 O-O 13.Qe4 g6 14.Bh6 Re8 15.Rad1 N8d7
16.Bb1 Nf6 17.Qe2 Nbd5 18.Ne5 Bf8 19.Bg5 Bg7 20.Qf3 Nxc3 21.bxc3 h6 22.Bh4 Qd5
23.Qd3 g5 24.Bg3 b5 25.f3 Ba6 26.Rf2 Rac8 27.Re1 Red8 28.f4 Rd6 29.fxg5 hxg5
30.Rxf6 Bxf6 31.Qh7+  1-0

[Event "1st Stilyan Strugov Mem"]
[Site "Ognjanovo BUL"]
[Date "2010.04.17"]
[Round "3"]
[White "Asparuhov,P"]
[Black "Nikolov,Sas"]
[Result "0-1"]
[WhiteElo "2074"]
[BlackElo "2409"]

1.e4 c5 2.c3 Nf6 3.e5 Nd5 4.d4 cxd4 5.Nf3 e6 6.cxd4 d6 7.Nc3 Nxc3 8.bxc3 Qc7
9.Qb3 Nd7 10.exd6 Bxd6 11.Bd3 O-O 12.O-O b6 13.Ba3 Bb7 14.Ng5 Nf6 15.Bxd6 Qxd6
16.f3 Rac8 17.Ne4 Nxe4 18.fxe4 e5 19.Qb2 Rfd8 20.Qb3 Rc7 21.Bc4 exd4 22.Bxf7+ Kh8
23.Bd5 Bxd5 24.exd5 Rxc3 25.Qa4 Qxd5 26.Rae1 h6 27.Re7 d3 28.Qxa7 Rc2 29.Qb7 Qxb7
30.Rxb7 d2  0-1

[Event "ch-SRB"]
[Site "Kragujevac SRB"]
[Date "2010.04.18"]
[Round "1"]
[White "Savic,Miod1"]
[Black "Krstic,P"]
[Result "0-1"]
[WhiteElo "2522"]
[BlackElo "2348"]

1.e4 c5 2.c3 Nf6 3.e5 Nd5 4.Nf3 e6 5.g3 Nc6 6.Bg2 d6 7.exd6 Bxd6 8.O-O O-O
9.d4 cxd4 10.Nxd4 Nxd4 11.Qxd4 Qc7 12.Nd2 Bd7 13.Ne4 Be5 14.Qc5 Bc6 15.Re1 b6
16.Qc4 Rac8 17.Qe2 Nf6 18.a4 Nxe4 19.Bxe4 Bd6 20.Rd1 Bxe4 21.Qxe4 Rfd8 22.Rd3 Be5
23.Be3 f5 24.Rxd8+ Rxd8 25.Qf3 Rf8 26.Bd2 f4 27.Qe4 Qd6 28.Be1 h5 29.a5 b5
30.Qe2 h4 31.Rd1 Qc7 32.Qg4 Qc6 33.Qxh4 Bc7 34.Qg4 Bxa5 35.Rd4 Bc7 36.Bd2 Be5
37.Rd3 Qc4 38.Rd7 fxg3 39.Qxc4 gxh2+ 40.Kh1 bxc4 41.Be3 a5 42.Ra7 Bf4 43.Rxa5 Bxe3
44.fxe3 Rf2 45.Rc5 Rxb2 46.Rxc4 Kf7 47.Rf4+ Kg6 48.Rg4+ Kf6 49.Rf4+ Kg5 50.Re4 Kh5
51.Rb4 Rc2 52.Rb7 Kg6 53.c4 Kf6 54.Rb8 g5 55.Rh8 Rxc4 56.Rf8+ Kg7 57.Rf2 Rh4
58.e4 g4 59.Rf4 Kg6 60.Rf8 Kg5 61.e5 Rh3 62.Rg8+ Kf5 63.Rg7 g3 64.Rg8 Kxe5
65.Rg7 Kf6 66.Rg8 e5 67.Rf8+ Kg5 68.Rg8+ Kf5 69.Rf8+ Ke4 70.Rg8 Ke3 71.Rg7 e4
72.Rg8 Ke2 73.Rg4 e3 74.Rg8 Ke1 75.Rg7 e2 76.Rg8 Kd2 77.Rd8+ Kc3 78.Rc8+ Kd4
79.Rd8+ Kc5 80.Rc8+ Kd6 81.Rc1 g2+  0-1

[Event "Open"]
[Site "Bar MNE"]
[Date "2010.04.22"]
[Round "7"]
[White "Mestrovic,Z"]
[Black "Stojanovic,Da"]
[Result "1/2-1/2"]
[WhiteElo "2354"]
[BlackElo "2481"]

1.e4 c5 2.c3 Nf6 3.e5 Nd5 4.d4 cxd4 5.Nf3 e6 6.cxd4 d6 7.Nc3 Nxc3 8.bxc3 Qc7
9.Qb3 Bd7 10.Ba3 Bc6 11.exd6 Bxd6 12.Bxd6 Qxd6 13.Bb5 O-O 14.Bxc6 Qxc6 15.O-O Nd7
16.c4 Rac8 17.Rac1 Rfd8 18.h4 Qc7 19.Rfe1 Nb8 20.Qe3 e5 21.dxe5  1/2-1/2

[Event "ch-SRB"]
[Site "Kragujevac SRB"]
[Date "2010.04.22"]
[Round "5"]
[White "Savic,Miod1"]
[Black "Govedarica,R"]
[Result "1/2-1/2"]
[WhiteElo "2522"]
[BlackElo "2395"]

1.e4 c5 2.c3 Nf6 3.e5 Nd5 4.Nf3 d6 5.exd6 e6 6.d4 cxd4 7.cxd4 Qxd6 8.Nc3 Nc6
9.Bc4 Nxc3 10.bxc3 Be7 11.Qe2 Qc7 12.O-O O-O 13.Bd3 Re8 14.Rb1 Bd7 15.Qe4 f5
16.Qe2 b6 17.Re1 Bd6 18.a4 Na5 19.c4 Bf4 20.Bxf4 Qxf4 21.Qe5 Qxe5 22.Nxe5 Bxa4
23.Ra1 Bb3 24.Reb1 Red8 25.Rxa5 bxa5 26.Rxb3 Rxd4 27.Kf1 g5 28.Ke2 Rd6 29.Ra3 a4
30.Rxa4 a5 31.g3 g4 32.f4 gxf3+ 33.Nxf3 Kg7 34.Bc2 Kf6 35.Nd2 h5 36.Nb3 h4
37.Rxa5 Rxa5 38.Nxa5 Ra6 39.Nb3 Ra2 40.Kd2 hxg3 41.hxg3 Ke5 42.Kd3 Ra7 43.Nc1 Ra1
44.Kd2 Ra3 45.Bd3 Ra1 46.Ne2 Ra2+ 47.Ke3 Ra1 48.Nd4 Re1+ 49.Be2 Ra1 50.Nf3+ Kd6
51.Bd3 Rh1 52.Kf4 Rd1 53.Be2 Rc1 54.Bd3 Rd1 55.Ne5 Re1 56.Nf3 Rd1  1/2-1/2

[Event "9th Open"]
[Site "Malakoff FRA"]
[Date "2010.04.22"]
[Round "7"]
[White "Pilte,N"]
[Black "Kozhuharov,S"]
[Result "0-1"]
[WhiteElo "2074"]
[BlackElo "2412"]

1.e4 c5 2.c3 Nf6 3.e5 Nd5 4.d4 cxd4 5.Nf3 e6 6.Bc4 Nb6 7.Bb3 dxc3 8.Nxc3 d5
9.exd6 Bxd6 10.O-O Nc6 11.Nb5 Bb8 12.Qxd8+ Nxd8 13.Rd1 Bd7 14.Nd6+ Bxd6 15.Rxd6 Nc6
16.Be3 h6 17.Rad1 O-O-O 18.Nd4 Na5 19.Bf4 Bc6 20.Nxc6 Nxc6 21.Rxd8+ Rxd8
22.Rxd8+ Kxd8 23.Bd2 Nd5 24.Kf1 Ke7 25.Bd1 e5 26.a3 f5 27.h3 Ke6 28.Ke2 e4
29.f3 Nd4+ 30.Kf2 Ke5 31.g4 Nxf3 32.Bxf3 exf3 33.Kxf3 g5 34.Bc1 Nf4 35.h4 Ne6
36.gxf5 Kxf5 37.hxg5 hxg5 38.Be3 a6 39.b4 g4+ 40.Kg3 b5 41.Kf2 Ke4 42.Ke2 g3
43.Ba7 Nf4+ 44.Kd2 g2  0-1

[Event "9th Asian Continental"]
[Site "Olongapo City PHI"]
[Date "2010.04.22"]
[Round "2"]
[White "Causo,D"]
[Black "Nolte,R"]
[Result "0-1"]
[WhiteElo "2302"]
[BlackElo "2420"]

1.e4 c5 2.c3 Nf6 3.e5 Nd5 4.d4 cxd4 5.cxd4 d6 6.Bc4 Nb6 7.Bb5+ Bd7 8.e6 Bxb5
9.Qh5 Qc8 10.Qxb5+ Kd8 11.Be3 fxe6 12.Nc3 Qc4 13.Qg5 Nd5 14.Nge2 Nxc3 15.Nxc3 g6
16.O-O-O Bg7 17.Kb1 Nc6 18.Ne4 Qd5 19.Nxd6 Qxd6 20.d5 Bf6 21.Qxf6 exf6 22.dxc6 Qxd1+
23.Rxd1+ Kc7 24.cxb7 Rad8 25.Rxd8 Rxd8 26.Bxa7 Kxb7 27.Be3 Rd1+ 28.Kc2 Rh1
29.h3 Rh2 30.g3 Rxh3 31.b4 Rh1 32.a4 h5 33.b5 Ra1 34.Kb3 e5 35.Bc5 g5 36.Be7 h4
37.gxh4 gxh4 38.Bxf6 h3 39.Bxe5 Re1 40.Bd6 Rd1 41.Be5 Rd2 42.a5 Rd5 43.a6+ Ka7
44.Bb2 Rxb5+ 45.Kc3 Rg5 46.f3  0-1

[Event "Venka & Antonia Ivanova Mem"]
[Site "Sofia BUL"]
[Date "2010.04.23"]
[Round "5"]
[White "Badev,K"]
[Black "Vladimirova,M"]
[Result "0-1"]
[WhiteElo "2396"]
[BlackElo "2038"]

1.e4 c5 2.c3 Nf6 3.e5 Nd5 4.d4 cxd4 5.Nf3 Nc6 6.Bc4 Nb6 7.Bb3 d6 8.exd6 Qxd6
9.cxd4 Be6 10.O-O Bxb3 11.Qxb3 e6 12.Nc3 Qb4 13.d5 Qxb3 14.axb3 Nxd5 15.Nxd5 exd5
16.Re1+ Be7 17.b4 Nxb4 18.Re2 Nc6 19.b4 O-O 20.b5 Bf6 21.Ra4 Nb8 22.g4 Nd7
23.Ba3 Nb6 24.Rf4 Rfe8 25.Ra2 Nc4 26.g5 Nxa3 27.gxf6 Nxb5 28.Rb4 a6 29.fxg7 Rac8
30.Rd2 Rc4 31.Rb3 Rc3 32.Rxc3 Nxc3 33.Rd3 Ne2+ 34.Kf1 Nf4 35.Rb3 b5 36.Nd4 Kxg7
37.Rb4 Re4 38.f3 Nd3  0-1

[Event "ch-SRB"]
[Site "Kragujevac SRB"]
[Date "2010.04.24"]
[Round "6"]
[White "Savic,Miod1"]
[Black "Perunovic,Mil"]
[Result "1/2-1/2"]
[WhiteElo "2522"]
[BlackElo "2574"]

1.e4 c5 2.c3 Nf6 3.e5 Nd5 4.Nf3 Nc6 5.Bc4 Nb6 6.Bb3 c4 7.Bc2 d6 8.exd6 Qxd6
9.Qe2 Qe6 10.Be4 Bd7 11.b3 f5 12.Bxc6 Qxe2+ 13.Kxe2 Bxc6 14.Re1 g6 15.Ba3 Bg7
16.Kf1 Bf6 17.Ne5 Be4 18.Nxc4 Bd3+ 19.Kg1 Bxc4 20.bxc4 Nxc4 21.Bc1 O-O-O
22.Kf1 Rd5 23.d4 e5 24.Na3 Nd6 25.dxe5 Bxe5 26.Bh6 Rd8 27.Rab1 b5 28.Rec1 Rd7
29.c4 bxc4 30.Nxc4 Nxc4 31.Rxc4+  1/2-1/2

[Event "7th Balagne Open"]
[Site "Calvi FRA"]
[Date "2010.04.25"]
[Round "1"]
[White "Karpatchev,A"]
[Black "Perrusset,B"]
[Result "1/2-1/2"]
[WhiteElo "2483"]
[BlackElo "1830"]

1.e4 c5 2.c3 Nf6 3.e5 Nd5 4.Nf3 e6 5.d4 cxd4 6.cxd4 d6 7.Bc4 Nc6 8.O-O Be7
9.Bd2 Qc7 10.Nc3 Nxc3 11.Bxc3 dxe5 12.dxe5 O-O 13.Qe2 b6 14.Rac1 Bb7 15.Bd3 Rfd8
16.h4 Rac8 17.Bb1 Qb8 18.Qe4 g6 19.Qg4 Bf8 20.h5 Ne7 21.Ng5 Bh6 22.Nxf7 Kxf7
23.Rcd1 Rxd1 24.Rxd1 Rd8 25.Rf1 Qc7 26.Qh4 Bg7 27.Qg5 Qc6 28.f3 Qc5+ 29.Kh1 Qc4
30.Re1 Rd7 31.Kh2 Nf5 32.g4 Ne7 33.a3 a5 34.Kg2 Rd1 35.Ba2 Qd3 36.Qf4+ Kg8
37.Bxe6+ Kh8 38.Rxd1 Qe2+ 39.Kg3 Qxd1 40.Qf7 Qg1+ 41.Kh3 Qh1+ 42.Kg3 Qg1+
43.Kh3 Qh1+ 44.Kg3 Qg1+  1/2-1/2

[Event "7th Balagne Open"]
[Site "Calvi FRA"]
[Date "2010.04.26"]
[Round "3"]
[White "Sgnaolin,D"]
[Black "Diamant,A"]
[Result "1/2-1/2"]
[WhiteElo "2234"]
[BlackElo "2486"]

1.e4 c5 2.c3 Nf6 3.e5 Nd5 4.Nf3 e6 5.d4 cxd4 6.cxd4 d6 7.Bc4 Be7 8.O-O O-O
9.Qe2 Nc6 10.Rd1 b6 11.Nc3 Nxc3 12.bxc3 Bb7 13.Bd3 Rc8 14.Qe4 g6 15.Bh6 Re8
16.Qf4 dxe5 17.dxe5 Qc7 18.Bb5 a6 19.Ba4 Red8 20.h4 Rxd1+ 21.Rxd1 Rd8 22.Re1 b5
23.Bb3 Rd7 24.Ng5 Nd8 25.Re3 Bd5 26.h5 Bxb3 27.hxg6 fxg6 28.Rf3 Qc5 29.axb3 Rd1+
30.Kh2 Re1 31.Ne4 Rxe4 32.Qxe4 Nc6 33.g3 a5 34.b4 axb4 35.cxb4 Qc4 36.Qxc4 bxc4
37.Rc3 Nxe5 38.Bf4 Ng4+ 39.Kg2 Bxb4 40.Rxc4 Be7 41.Rc7 Kf8 42.f3 Nf6 43.Bg5 Nd5
44.Bxe7+ Nxe7 45.Rb7 Kf7 46.Kf2 h5 47.g4 hxg4 48.fxg4 g5 49.Kf3 Kf6 50.Rb8 Ng6
51.Ke4 Ne5 52.Rf8+ Ke7  1/2-1/2

[Event "ch-SRB"]
[Site "Kragujevac SRB"]
[Date "2010.04.30"]
[Round "12"]
[White "Savic,Miod1"]
[Black "Pikula,D"]
[Result "0-1"]
[WhiteElo "2522"]
[BlackElo "2535"]

1.e4 c5 2.c3 Nf6 3.e5 Nd5 4.Nf3 e6 5.d4 cxd4 6.cxd4 d6 7.a3 Bd7 8.Bd3 Bc6
9.O-O Nd7 10.b4 a6 11.Nbd2 Nf4 12.Be4 d5 13.Bc2 Bb5 14.Re1 Nd3 15.Re3 Nxc1
16.Rxc1 Be7 17.Nb3 Rc8 18.h3 O-O 19.Nc5 b6 20.Nd3 Rc6 21.a4 Bc4 22.Rb1 Qc7
23.Rb2 Rc8 24.Nf4 a5 25.bxa5 bxa5 26.Qb1 g6 27.Rb7 Rb6 28.Rxc7 Rxb1+ 29.Bxb1 Rxc7
30.Nd2 Nb6 31.Bc2 Ba6 32.Bb3 Rc1+ 33.Kh2 Bb4 34.Nf3 Ra1 35.Ng5 Nxa4 36.Rf3 Ra3
37.Nxf7 Kxf7 38.Nxd5+ Kg7 39.Nc7 Bc8 40.Nb5 Rxb3 41.Rxb3 Ba6 42.Nc7 Bc4 43.Rf3 Nc3
44.Ne8+ Kh6 45.h4 Nd5 46.g4 g5 47.Nd6 Be2 48.Rf8 Kg7 49.Rf7+ Kg8 50.Ra7 gxh4
51.Kh3 Be1 52.Nf7 Bxf2 53.Nh6+ Kh8 54.Nf7+ Kg7 55.Nd8+ Kh6 56.Nxe6 Bf1+ 57.Kh2 Ne3
58.g5+ Kg6 59.Nf4+  0-1

[Event "Heroes Day Cup Masters"]
[Site "Bridgetown BAR"]
[Date "2010.05.01"]
[Round "7"]
[White "Denny,K"]
[Black "Hammar,B"]
[Result "1/2-1/2"]
[WhiteElo "2351"]
[BlackElo "2264"]

1.e4 c5 2.c3 Nf6 3.e5 Nd5 4.d4 cxd4 5.cxd4 d6 6.Bc4 e6 7.Nf3 Nc6 8.O-O Be7
9.a3 a6 10.Re1 O-O 11.Bd3 f5 12.exf6 Bxf6 13.Nc3 Nxc3 14.bxc3 g6 15.Bh6 Re8
16.Qc2 Ne7 17.g4 Bg7 18.Bg5 Rf8 19.Re3 Qc7 20.Bxe7 Qxe7 21.h4 e5 22.g5 Bg4
23.Be4 Kh8 24.dxe5 dxe5 25.Rb1 Rab8 26.a4 Rf4 27.Kg2 b6 28.Qd3 Qe6 29.Nh2 Rbf8
30.Rb2 Bf5 31.Kg3 h6 32.Bxf5 gxf5 33.Qxa6 hxg5 34.Rxb6 gxh4+ 35.Kh3 Qd7 36.Rd6 Qe8
37.Re1 Rxa4 38.Qb6 Qh5 39.Rxe5 Rc4 40.Rc5 Rxc5 41.Qxc5 Qg5 42.Qc6 Qf4 43.Qb6 Rc8
44.Rd8+ Rxd8 45.Qxd8+ Kh7 46.Qxh4+ Qxh4+ 47.Kxh4 Bxc3 48.Kg5 Be5 49.Nf3 Bc7
50.Kxf5 Kg7 51.Ng5 Ba5 52.Ne4 Bc7 53.f3 Bb8 54.Nc5 Bh2 55.Nd3 Bg3 56.Ne5 Bh2
57.Nc6 Bg3 58.Nd4 Bh2 59.Ne6+ Kf7 60.Ng5+ Kg7 61.Ne4 Kf7 62.Kg4 Bb8 63.Ng3 Bc7
64.Nf1 Bb8 65.Kf5 Bc7 66.Ne3 Bb8 67.Ng4 Bg3 68.Ne5+ Kg7 69.Nd3 Kf7 70.Nf4 Bh2
71.Kg4 Kf6 72.Nh5+ Kf7 73.Ng3 Bg1 74.f4 Be3 75.f5 Bc1 76.Kf3 Bb2 77.Ke4 Ba1
78.Nh5 Bb2 79.Nf4 Bc3 80.Ne6 Bb2 81.Nc5 Bc3 82.Nd7 Bb2 83.Nc5 Bc3 84.Kd5 Bb2
85.Nd7 Bc3 86.Ke4 Bb2 87.Ne5+ Kf6 88.Ng4+ Kg5 89.Ne3 Kf6 90.Nd5+ Kf7  1/2-1/2

[Event "Heroes Day Cup Masters"]
[Site "Bridgetown BAR"]
[Date "2010.05.02"]
[Round "9"]
[White "Denny,K"]
[Black "Farley,T"]
[Result "1/2-1/2"]
[WhiteElo "2351"]
[BlackElo "2207"]

1.e4 c5 2.c3 Nf6 3.e5 Nd5 4.d4 cxd4 5.cxd4 d6 6.Bc4 e6 7.Nf3 Nc6 8.O-O Nb6
9.Bb5 dxe5 10.Nxe5 Bd7 11.Nxd7 Qxd7 12.Nc3 Be7 13.Qg4 O-O 14.Bxc6 bxc6 15.Bh6 Bf6
16.Rfd1 Rfd8 17.Ne4 Qe7 18.Rac1 Rac8 19.Rd3 Rd5 20.h4 Bxd4 21.Rxd4 f5 22.Qxg7+ Qxg7
23.Bxg7 Kxg7 24.Nc5 e5 25.Rb4 Kf6 26.a4 Nd7 27.Nxd7+ Rxd7 28.Rbc4 Ke6 29.Rxc6+ Rxc6
30.Rxc6+ Kd5 31.Ra6 Rb7 32.h5 Ke4 33.b4 Kf4 34.b5 Kg4 35.h6 e4 36.Re6 Kg5
37.Kf1 Re7 38.Rc6 Rd7 39.g3 Kg4 40.Ke2 Rd4 41.Ra6 Rd7 42.a5 Kg5 43.b6 axb6
44.Rxb6 Rd4 45.a6 Ra4 46.Kf1 Ra2 47.Re6 Ra1+ 48.Kg2 Ra2 49.Kf1 Ra1+ 50.Ke2 Ra3
51.Kd2 Rf3 52.Ke2 Ra3 53.Kf1 Ra2 54.Kg2 Ra1 55.Kh2 Ra2 56.Kg2 Ra1  1/2-1/2

[Event "ch-CZE"]
[Site "Ostrava CZE"]
[Date "2010.05.02"]
[Round "2"]
[White "Lechtynsky,J"]
[Black "Kozak,Mi"]
[Result "1/2-1/2"]
[WhiteElo "2396"]
[BlackElo "2184"]

1.e4 c5 2.c3 Nf6 3.e5 Nd5 4.d4 cxd4 5.Qxd4 e6 6.Nf3 Nc6 7.Qe4 d6 8.Nbd2 dxe5
9.Nxe5 Nxe5 10.Qxe5 Qd6 11.Bb5+ Bd7 12.Bxd7+ Qxd7 13.Nf3 Qc7 14.Qe4 Bd6 15.O-O O-O
16.c4 Nf6 17.Qh4 Rfd8 18.b3 Be7 19.Bb2 Ne8 20.Qe4 Bf6 21.Bxf6 Nxf6 22.Qe2 Rd7
23.Rad1 Rad8 24.Ne5 Rd4 25.Rxd4 Rxd4 26.Nf3 Rd7 27.Ne5 Rd4 28.Nf3  1/2-1/2

[Event "ch-UKR"]
[Site "Alushta UKR"]
[Date "2010.05.04"]
[Round "2"]
[White "Garnazhenko,D"]
[Black "Nikolaev,L"]
[Result "0-1"]
[WhiteElo "1969"]
[BlackElo "2334"]

1.e4 c5 2.c3 Nf6 3.e5 Nd5 4.g3 Nc6 5.Bg2 e6 6.Nf3 d6 7.exd6 Bxd6 8.O-O O-O
9.d4 cxd4 10.Nxd4 Nxd4 11.Qxd4 Qc7 12.Nd2 Bc5 13.Qe4 Nf6 14.Qe2 Bd7 15.Nb3 Bc6
16.Bxc6 Qxc6 17.Nxc5 Qxc5 18.Be3 Qf5 19.Bd4 a6 20.c4 Rfd8 21.Rfd1 h6 22.Bb6 Rd7
23.b4 e5 24.a4 e4 25.Bd4 Rad8 26.Bb6 Rxd1+ 27.Rxd1 Rd3 28.Bd4 Qg4 29.Qxg4 Nxg4
30.Rxd3 exd3 31.Bc3 Ne5 32.c5 d2 33.Bxd2 Nf3+ 34.Kg2 Nxd2 35.b5 axb5 36.axb5 Nc4
37.c6 bxc6 38.bxc6 Kf8 39.c7 Nd6  0-1

[Event "ch-UKR"]
[Site "Alushta UKR"]
[Date "2010.05.09"]
[Round "7"]
[White "Garnazhenko,D"]
[Black "Matjushin,O"]
[Result "1-0"]
[WhiteElo "1969"]
[BlackElo "2168"]

1.e4 c5 2.c3 Nf6 3.e5 Nd5 4.g3 Nc6 5.Bg2 Qc7 6.f4 e6 7.Nf3 d6 8.exd6 Bxd6
9.Na3 a6 10.Nc2 O-O 11.O-O Nde7 12.Ne3 b5 13.a4 Rb8 14.Qc2 h6 15.d3 Bd7 16.axb5 axb5
17.Bd2 Qb6 18.Be1 Rbd8 19.Bf2 Qb8 20.Nd2 f5 21.Nb3 Kh8 22.Qe2 e5 23.fxe5 Nxe5
24.d4 cxd4 25.Nxd4 N5g6 26.Ra8 Qc7 27.Rxd8 Qxd8 28.Nxb5 Bb8 29.Nd4 f4 30.Nc4 Rf6
31.Nd2 Qc8 32.Qc4 Qxc4 33.Nxc4 Ra6 34.b4 Ra2 35.Rd1 Ba7 36.Be4 fxg3 37.hxg3 Bg4
38.Re1 Bh3 39.b5 Kh7 40.b6 Bb8 41.Bb1 Ra4 42.Nb2 Ra6 43.Rxe7 Rxb6 44.Bxg6+ Kxg6
45.Nc4 Rb1+ 46.Re1 Rxe1+ 47.Bxe1 Kg5 48.Bf2 h5 49.Nd2 Kg4 50.Ne4 Be5 51.c4 g5
52.Be3 Bxd4 53.Bxd4 h4 54.Nf2+ Kxg3 55.Nxh3 Kxh3 56.c5  1-0

[Event "ch-UKR"]
[Site "Alushta UKR"]
[Date "2010.05.10"]
[Round "8"]
[White "Goroshkova,L"]
[Black "Linker,M"]
[Result "1/2-1/2"]
[WhiteElo "1963"]
[BlackElo "2053"]

1.e4 c5 2.c3 Nf6 3.e5 Nd5 4.d4 cxd4 5.Nf3 e6 6.cxd4 b6 7.Bd3 Be7 8.O-O d6
9.Nc3 Nxc3 10.bxc3 Qc7 11.Bf4 Bb7 12.Rc1 Nd7 13.Re1 O-O 14.Qc2 h6 15.Qd2 dxe5
16.dxe5 Rfd8 17.Nd4 Ba3 18.Rcd1 Rac8 19.Re3 Nf6 20.Bxh6 Ng4 21.Rg3 Nxh6 22.Qg5 Bf8
23.Qxh6 g6 24.Qg5 Bg7 25.Re3 Qxc3 26.Nb5 Qa5 27.Qe7 Qxb5 28.Qxb7 Qd7 29.Qf3 Qd5
30.Rde1 Qxf3 31.Rxf3 Bxe5 32.Ba6 Rc5 33.g3 Bg7 34.Rd3 Rxd3 35.Bxd3 b5 36.Rb1 a6
37.Rb3 Bd4 38.Ra3 Rc6 39.Be4 Rb6 40.Kg2 f5 41.Bd3 e5 42.Rb3 b4 43.a3 a5 44.axb4 axb4
45.Bc4+ Kg7 46.Rd3 Rc6 47.Bb3 Rc1 48.f4 Kf6 49.h4 Rg1+ 50.Kh2 Rb1 51.fxe5+ Bxe5
52.Kg2 Bc3 53.Bg8 Ke5 54.Kf3 Rc1 55.Rd5+ Kf6 56.Rb5 Rf1+ 57.Kg2 Rd1 58.h5 Rd2+
59.Kh3 gxh5 60.Bh7 Rf2 61.Rb6+ Ke5 62.Kh4 Bd2 63.Kh3 Kd4 64.Rb5 Ke4 65.Bg6 Bc3
66.Bxh5 Rb2 67.Bg6 Be5 68.Kh4 Bf6+ 69.Kh3 Be5 70.Kh4  1/2-1/2

[Event "ch-UKR"]
[Site "Alushta UKR"]
[Date "2010.05.10"]
[Round "8"]
[White "Jakimov,V"]
[Black "Pavlov,S2"]
[Result "1/2-1/2"]
[WhiteElo "2476"]
[BlackElo "2508"]

1.e4 c5 2.c3 Nf6 3.e5 Nd5 4.d4 cxd4 5.Nf3 e6 6.cxd4 b6 7.Bd3 Bb7 8.Nc3 Nxc3
9.bxc3 Qc7 10.Bd2 d6 11.O-O Nd7 12.Bf4 Be7 13.Re1 O-O 14.Rc1 Rac8 15.Qc2 g6
16.Qe2 Rfe8 17.Ng5 dxe5 18.dxe5 Nc5 19.Bb1 Bf8 20.Qg4 h6 21.Nxf7 Qxf7 22.Bxg6 Qg7
23.Bxh6 Qxh6 24.Bxe8+ Bg7 25.Bg6 Rf8 26.Rcd1 Qf4 27.Qxf4 Rxf4 28.Rd4 Bh6
29.Red1 b5 30.Bc2 Bd5 31.a3 a5 32.h4 Rxd4 33.Rxd4 Nd7 34.Bd3 Bc6 35.Rg4+ Kf7
36.f4 Nc5 37.Bg6+ Ke7 38.f5 exf5 39.Bxf5 Bd7 40.Bxd7 Nxd7 41.Re4 Ke6 42.Re1 Bf8
43.h5 Bxa3 44.h6 Nf8 45.Rb1 b4 46.cxb4 Bxb4 47.Rc1 a4 48.Rc4 Bd2 49.Rxa4 Kxe5
50.Ra6 Kf5 51.Kf2 Kg5 52.Kf3 Ng6 53.h7 Bc3 54.Ke4 Bh8 55.Ra7 Bc3 56.Ra3 Bh8
57.Rh3 Kf6 58.g4 Nf8 59.Rh1 Kg6 60.g5 Kxg5 61.Rg1+ Kh6 62.Rg8 Ng6 63.Kf5 Ne7+
64.Ke6 Kxh7 65.Rg1 Ng6 66.Rh1+ Kg7 67.Kf5 Nf8 68.Rxh8 Kxh8  1/2-1/2